000 00780nam a2200205 a 4500
008 120416s1980 ||||||||||||||||| || u
020 _a0471277088
050 _aNA 2543.S6 Mea
100 _aBroadbent, Geoffrey
245 1 0 _aMeaning and behaviour in the built environment
_cedited by Geoffrey Broadbent
260 _aChichester
_bJohn Wiley and Sons
_c1980
300 _axiii, 372p. : ill.
350 _a0.00
650 _aARCHITECTURE--PSYCHOLOGICAL ASPECTS
650 _aARCHITECTURE--ENVIRONMENTAL ASPECTS
650 _aARCHITECTURE--HUMAN FACTORS
700 _aLlorens, Tomas
700 _aBunt, Richard
995 _D0.00
_FCBU-MAIN LIBRARY (Kitwe)
_H1
_I28.50
_M1
_UAVAILABLE
_ZMain Library Open Access Collection
999 _c50817
_d50817